| 000 | 00429nam a2200169 i 4500 | ||
|---|---|---|---|
| 001 | 32614 | ||
| 003 | ES-MaACL | ||
| 005 | 20231218194914.0 | ||
| 007 | t| | ||
| 008 | 030131s1922 xxu ||||1| spa d | ||
| 100 | 1 |
_aBernal, Emilia, _d1884-1964 _928177 |
|
| 245 | 1 | 0 |
_aPoesías inéditas / _cEmilia Bernal. |
| 260 |
_aNueva York : _b[s.n.], _c1922. |
||
| 300 | _a1 v. | ||
| 852 |
_aES-MaACL _j1642-F-9 |
||
| 999 |
_c32614 _d32614 |
||